Nabhi's handbook for NGO's: (Record no. 27255)
[ view plain ]
| 000 -LEADER | |
|---|---|
| fixed length control field | 01663nam a22002657a 4500 |
| 005 - DATE AND TIME OF LATEST TRANSACTION | |
| control field | 20090605120044.0 |
| 008 - FIXED-LENGTH DATA ELEMENTS--GENERAL INFORMATION | |
| fixed length control field | 090605t xxu||||| |||| 00| 0 eng d |
| 010 ## - LCCN (DPL NO) | |
| LC control number | ENG-93900-01 |
| 020 ## - INTERNATIONAL STANDARD BOOK NUMBER | |
| Terms of availability | 880.00(set price) |
| 035 ## - SYSTEM CONTROL NUMBER | |
| System control number | EN-77433-34 |
| 037 ## - SOURCE OF ACQUISITION | |
| Source of stock number/acquisition | DBAD / PUB |
| 040 ## - CATALOGING SOURCE | |
| Original cataloging agency | dpl |
| Language of cataloging | English |
| 082 ## - DEWEY DECIMAL CLASSIFICATION NUMBER | |
| Classification number | 361.763 |
| 245 ## - TITLE STATEMENT | |
| Title | Nabhi's handbook for NGO's: |
| Remainder of title | an encyclopaedia for non-government organisations and voluntary agencies |
| 250 ## - EDITION STATEMENT | |
| Edition statement | 2nd ed. |
| 260 ## - PUBLICATION, DISTRIBUTION, ETC. (IMPRINT) | |
| Place of publication, distribution, etc | New Delhi |
| Name of publisher, distributor, etc | Nabhi Publications |
| Date of publication, distribution, etc | 2008 |
| 270 ## - ADDRESS | |
| Address | P.O. Box No. 37, |
| City | New Delhi |
| Postal code | 110001 |
| 300 ## - PHYSICAL DESCRIPTION | |
| Extent | 2v.(xxx, 400p.; xxxv, 401-1276p.) |
| Dimensions | 25cm(pbk) |
| 500 ## - GENERAL NOTE | |
| General note | This book published in 2 volumes and set price is 880.00 |
| 505 ## - FORMATTED CONTENTS NOTE | |
| Formatted contents note | v.1-Project prposal & implementation, Illustrative projects, Fund Raising, Taxation, Legal Aids, PIL, RTI, Formation, Management and other day to day work; v.2-All government aid schemes & facilities for NGO's with applications forms |
| 650 ## - SUBJECT ADDED ENTRY--TOPICAL TERM | |
| Topical term or geographic name as entry element | Non-government organizations |
| 942 ## - ADDED ENTRY ELEMENTS (KOHA) | |
| Source of classification or shelving scheme | Dewey Decimal Classification |
| Item type | English Books |
| Call number suffix | NAB |
| Classification part | 361.763 |
| Withdrawn status | Lost status | Source of classification or shelving scheme | Materials specified (bound volume or other part) | Damaged status | Not for loan | Collection code | Home library | Current library | Date acquired | Source of acquisition | Cost, normal purchase price | Total Checkouts | Full call number | Barcode | Date last seen | Copy number | Cost, replacement price | Koha item type | Public note |
|---|---|---|---|---|---|---|---|---|---|---|---|---|---|---|---|---|---|---|---|
| Dewey Decimal Classification | v.1-Projec | Not For Loan | Non-fiction | D.B.Act.Division | D.B.Act.Division | 05/06/2009 | DBAD / PUB | 880.00 | 361.763 NAB | EN-77433 | 05/06/2009 | 1 | 880.00 | English Books | v.1-Project prposal & implementation, Illustrative projects, Fund Raising, Taxation, Legal Aids, PIL, RTI, Formation, Management and other day to day work | ||||
| Dewey Decimal Classification | v.2-All g | Not For Loan | Non-fiction | D.B.Act.Division | D.B.Act.Division | 05/06/2009 | DBAD / PUB | 880.00 | 361.763 NAB | EN-77434 | 05/06/2009 | 1 | 880.00 | English Books | v.2-All government aid schemes & facilities for NGO's with applications forms |
